LEADER 00927nam0-22003131i-450- 001 990007862370403321 005 20040312130929.0 010 $a0812282043 035 $a000786237 035 $aFED01000786237 035 $a(Aleph)000786237FED01 035 $a000786237 100 $a20040312d1990----km-y0itay50------ba 101 0 $aeng 102 $aUS 105 $ay-------001yy 200 1 $aBehind the disappearances$eArgentina's dirty war against human rights and the United Nations$fIain Guest 210 $aPhiladelphia$cUniversity of Pennsylvania press$dc1990 215 $aXVI, 605 p.$d23 cm 225 1 $aPennsylvania studies in human rights 676 $a323.490982$v20$zita 700 1$aGuest,$bIain$0281737 801 0$aIT$bUNINA$gRICA$2UNIMARC 901 $aBK 912 $a990007862370403321 952 $aH 79$bs.i.$fDSI 959 $aDSI 996 $aBehind the disappearances$9673587 997 $aUNINA